Commentaries on The Powers of Attorney Act, 1882 / (Record no. 613947)
[ view plain ]
| 000 -LEADER | |
|---|---|
| fixed length control field | 00337nam a22001217a 4500 |
| 082 ## - DEWEY DECIMAL CLASSIFICATION NUMBER | |
| Classification number | 346.5491029 |
| Author Mark | SAF |
| 100 ## - MAIN ENTRY--PERSONAL NAME | |
| Personal name | Saif, Arshad Ali |
| 245 ## - TITLE STATEMENT | |
| Title | Commentaries on The Powers of Attorney Act, 1882 / |
| Statement of responsibility, etc. | Arshad Ali Saif |
| 260 ## - PUBLICATION, DISTRIBUTION, ETC. | |
| Place of publication, distribution, etc. | Lahore : |
| Name of publisher, distributor, etc. | Imran Law Book House, |
| Date of publication, distribution, etc. | 2018. |
| 300 ## - PHYSICAL DESCRIPTION | |
| Extent | 220 p. |
| 563 ## - BINDING INFORMATION | |
| Binding note | HB. |
| 942 ## - ADDED ENTRY ELEMENTS (KOHA) | |
| Source of classification or shelving scheme | |
| Koha item type | Book |
| Withdrawn status | Lost status | Source of classification or shelving scheme | Damaged status | Not for loan | Permanent Location | Current Location | Date acquired | Source of acquisition | Total Checkouts | Full call number | Barcode | Date last seen | Price effective from | Koha item type |
|---|---|---|---|---|---|---|---|---|---|---|---|---|---|---|
| NUST Law School (NLS) | NUST Law School (NLS) | 06/27/2025 | Allied Book Company | 346.5491029 SAF | NLS-2297 | 06/27/2025 | 06/27/2025 | Book | ||||||
| NUST Law School (NLS) | NUST Law School (NLS) | 06/27/2025 | Allied Book Company | 346.5491029 SAF | NLS-2298 | 06/27/2025 | 06/27/2025 | Book | ||||||
| NUST Law School (NLS) | NUST Law School (NLS) | 06/27/2025 | Allied Book Company | 346.5491029 SAF | NLS-2299 | 06/27/2025 | 06/27/2025 | Book |
